<?xml version="1.0" encoding="UTF-8"?>
<record
    xmlns:xsi="http://www.w3.org/2001/XMLSchema-instance"
    xsi:schemaLocation="http://www.loc.gov/MARC21/slim http://www.loc.gov/standards/marcxml/schema/MARC21slim.xsd"
    xmlns="http://www.loc.gov/MARC21/slim">

  <leader>04404nam a2200517Ii 4500</leader>
  <controlfield tag="001">DIGIBE0324</controlfield>
  <controlfield tag="003">NyNyDIG</controlfield>
  <controlfield tag="006">m     o  d        </controlfield>
  <controlfield tag="007">cr |||||||||||</controlfield>
  <controlfield tag="008">130201s2004    sp      ob    100 0 spa d</controlfield>
  <datafield tag="020" ind1=" " ind2=" ">
    <subfield code="z">9788484891628</subfield>
    <subfield code="q">(Iberoamericana) </subfield>
  </datafield>
  <datafield tag="020" ind1=" " ind2=" ">
    <subfield code="z">8484891623</subfield>
    <subfield code="q">(Iberoamericana) </subfield>
  </datafield>
  <datafield tag="020" ind1=" " ind2=" ">
    <subfield code="z">9783865271693</subfield>
    <subfield code="q">(Vervuert) </subfield>
  </datafield>
  <datafield tag="020" ind1=" " ind2=" ">
    <subfield code="z">3865271693</subfield>
    <subfield code="q">(Vervuert) </subfield>
  </datafield>
  <datafield tag="035" ind1=" " ind2=" ">
    <subfield code="a">(OCoLC)755235706</subfield>
  </datafield>
  <datafield tag="040" ind1=" " ind2=" ">
    <subfield code="a">DGITA</subfield>
    <subfield code="b">eng</subfield>
    <subfield code="e">pn</subfield>
    <subfield code="c">DGITA</subfield>
  </datafield>
  <datafield tag="041" ind1="0" ind2=" ">
    <subfield code="a">por</subfield>
    <subfield code="a">eng</subfield>
    <subfield code="a">spa</subfield>
    <subfield code="a">fre</subfield>
  </datafield>
  <datafield tag="050" ind1="1" ind2="4">
    <subfield code="a">PM7846 eBook</subfield>
  </datafield>
  <datafield tag="110" ind1="2" ind2=" ">
    <subfield code="a">Asociaci&#xF3;n de Criollos de Base L&#xE9;xica Portuguesa y Espa&#xF1;ola.</subfield>
    <subfield code="b">Encuentro</subfield>
    <subfield code="n">(3rd :</subfield>
    <subfield code="d">2003 :</subfield>
    <subfield code="c">Universidade da Coru&#xF1;a)</subfield>
  </datafield>
  <datafield tag="245" ind1="1" ind2="4">
    <subfield code="a">Los criollos de base ib&#xE9;rica  :</subfield>
    <subfield code="b">ACBLPE 2003 /</subfield>
    <subfield code="c">Mauro Fern&#xE1;ndez, Manuel Fern&#xE1;ndez-Ferreiro, Nancy V&#xE1;zquez Veiga [editores].</subfield>
  </datafield>
  <datafield tag="246" ind1="3" ind2="0">
    <subfield code="a">ACBLPE 2003</subfield>
  </datafield>
  <datafield tag="264" ind1=" " ind2="1">
    <subfield code="a">Madrid :</subfield>
    <subfield code="b">Iberoamericana ;</subfield>
    <subfield code="a">Frankfurt am Main :</subfield>
    <subfield code="b">Vervuert,</subfield>
    <subfield code="c">2004.</subfield>
  </datafield>
  <datafield tag="300" ind1=" " ind2=" ">
    <subfield code="a">1 online resource (307 pages) </subfield>
  </datafield>
  <datafield tag="336" ind1=" " ind2=" ">
    <subfield code="a">text</subfield>
    <subfield code="b">txt</subfield>
    <subfield code="2">rdacontent</subfield>
  </datafield>
  <datafield tag="337" ind1=" " ind2=" ">
    <subfield code="a">computer</subfield>
    <subfield code="b">c</subfield>
    <subfield code="2">rdamedia</subfield>
  </datafield>
  <datafield tag="338" ind1=" " ind2=" ">
    <subfield code="a">online resource</subfield>
    <subfield code="b">cr</subfield>
    <subfield code="2">rdacarrier</subfield>
  </datafield>
  <datafield tag="490" ind1="1" ind2=" ">
    <subfield code="a">Ling&#xFC;&#xED;stica iberoamericana ;</subfield>
    <subfield code="v">v. 24.</subfield>
  </datafield>
  <datafield tag="500" ind1=" " ind2=" ">
    <subfield code="a">Papers presented at the III Encuentro de la Asociaci&#xF3;n de Criollos de Base L&#xE9;xica Portuguesa y Espa&#xF1;ola held June 2003 at the Universidade da Coru&#xF1;a, in La Coru&#xF1;a, Spain.</subfield>
  </datafield>
  <datafield tag="504" ind1=" " ind2=" ">
    <subfield code="a">Includes bibliographical references.</subfield>
  </datafield>
  <datafield tag="505" ind1="0" ind2=" ">
    <subfield code="a">A hipotese de Dalgado de reciproca transfusao parcial: Avaliando a sua utilidade pela comparacao do crioulo portugues de Sri Lanka com o papia Kristang / Nikola Albring &amp; Eugenia Lourenco -- La armonizacion vocalica en los criollos indo-portugueses / J. Clancy Clements -- Plurifuncionalidad de la particula na en el chabacano de Zamboanga / Mauro Fernandez -- La marca de los objetos en los criollos de Batavia y Tugu / Philippe Maurer -- Sobre la morfologia derivacional del chabacano zamboangueno / Patrick O. Steinkruger -- The nominal domain in Santome / Nelia Alexandre &amp; Tjerk Hagemeijer -- The politics of Cape Verdean Creole / Luis Batalha -- Ideofones nos crioulos portugueses do Golfo da Guine e linguas africanas / Ana Margarida Botelho da Silva -- Capeverdean Creole: Some parametric values / Joao Costa &amp; Fernanda Pratas -- Affinites grammaticales entre le creole portugais de l'Ile de Santiago (Cap Vert) et le wolof (Senegal): Aspect et temps / Jurgen Lang -- Le catechisme creole de Ziguinchor / Jean-Louis Rouge -- Progressive markers in the Creoles of Cape Verde and Guine-Bissau: The outcome of different sociolinguistic histories / Olga Solovova -- Factores sociolinguisticos no povoamento da ilha de Sao Vicente de Cabo Verde / Dominika Swolkien &#x301; -- A concordancia no SN plural no portugues afrobrasileiro do seculo XIX / Alan Baxter &amp; Norma Lopes -- Portugues vernaculo do Brasil e portugues vernaculo de Angola: Restructuracao parcial vs. mudanca linguistica / Liliana Inverno -- A participacao do contato entre linguas na formacao do portugu&#xE9;s popular do Brasil: Novas evidencias empiricas / Dante Lucchesi -- Los sustantivos sin determinantes en el palenquero y en el ingles afro-estadounidense / Arthur K. Spears -- A comparative study of reduplication in Portuguese- and Spanish-based creoles. / Angela Bartens -- A influencia do portugues do Brasil no ingles barbadiano e granadino de Porto Velho / Odete Burgeile -- "Kabah teh a bi sunta dem": The path of two Portuguese elements in Saramaccan / Hugo Cardoso -- Social and linguistic factors in partial restructuring / John Holm -- Elemento africano vs. elemento europeo en los criollos de base iberica / Dan Munteanu Colan</subfield>
  </datafield>
  <datafield tag="546" ind1=" " ind2=" ">
    <subfield code="a">Texts in Portuguese, English, Spanish and French.</subfield>
  </datafield>
  <datafield tag="650" ind1=" " ind2="0">
    <subfield code="a">Creole dialects, Portuguese</subfield>
    <subfield code="v">Congresses.</subfield>
  </datafield>
  <datafield tag="650" ind1=" " ind2="0">
    <subfield code="a">Creole dialects, Spanish</subfield>
    <subfield code="v">Congresses.</subfield>
  </datafield>
  <datafield tag="650" ind1=" " ind2="0">
    <subfield code="a">Portuguese language</subfield>
    <subfield code="x">Foreign elements</subfield>
    <subfield code="x">Creole</subfield>
    <subfield code="v">Congresses.</subfield>
  </datafield>
  <datafield tag="650" ind1=" " ind2="0">
    <subfield code="a">Spanish language</subfield>
    <subfield code="x">Foreign elements</subfield>
    <subfield code="x">Creole</subfield>
    <subfield code="v">Congresses.</subfield>
  </datafield>
  <datafield tag="655" ind1=" " ind2="0">
    <subfield code="a">Electronic books.</subfield>
  </datafield>
  <datafield tag="700" ind1="1" ind2=" ">
    <subfield code="a">Fern&#xE1;ndez, Mauro.</subfield>
  </datafield>
  <datafield tag="700" ind1="1" ind2=" ">
    <subfield code="a">Fern&#xE1;ndez-Ferreiro, Manuel.</subfield>
  </datafield>
  <datafield tag="700" ind1="1" ind2=" ">
    <subfield code="a">V&#xE1;zquez Veiga, Nancy.</subfield>
  </datafield>
  <datafield tag="791" ind1="2" ind2=" ">
    <subfield code="a">Digitalia (Firm),</subfield>
    <subfield code="e">distributor.</subfield>
  </datafield>
  <datafield tag="830" ind1=" " ind2="0">
    <subfield code="a">Ling&#xFC;&#xED;stica iberoamericana ;</subfield>
    <subfield code="v">v. 24.</subfield>
  </datafield>
  <datafield tag="793" ind1="0" ind2=" ">
    <subfield code="g">Digitalia eBook Collection:</subfield>
    <subfield code="a">Iberoamericana/Vervuert.</subfield>
  </datafield>
  <datafield tag="856" ind1="4" ind2="0">
    <subfield code="3">Digitalia Hisp&#xE1;nica</subfield>
    <subfield code="u">https://www.digitaliapublishing.com/a/18323/</subfield>
  </datafield>
  <datafield tag="910" ind1=" " ind2=" ">
    <subfield code="a">Premium Collection: 2007-2012</subfield>
  </datafield>
  <datafield tag="942" ind1=" " ind2=" ">
    <subfield code="c">RAA</subfield>
  </datafield>
  <datafield tag="952" ind1=" " ind2=" ">
    <subfield code="0">0</subfield>
    <subfield code="1">0</subfield>
    <subfield code="4">0</subfield>
    <subfield code="7">0</subfield>
    <subfield code="8">DEH</subfield>
    <subfield code="a">BD-UIN</subfield>
    <subfield code="b">BD-UIN</subfield>
    <subfield code="d">2025-04-25</subfield>
    <subfield code="l">0</subfield>
    <subfield code="r">2025-04-25</subfield>
    <subfield code="w">2025-04-25</subfield>
    <subfield code="y">RAA</subfield>
  </datafield>
  <datafield tag="999" ind1=" " ind2=" ">
    <subfield code="c">235786</subfield>
    <subfield code="d">235786</subfield>
  </datafield>
</record>
